| 000 | 003760000a22001570004500 | ||
|---|---|---|---|
| 003 | LK-CoMWRAF | ||
| 008 | 230817t ||||| |||| 00| 0 eng d | ||
| 040 |
_aLK-CoMWRAF _dLK-CoMWRAF _eLK-CoMWRAF |
||
| 041 | _aeng | ||
| 082 |
_a152.8 _bABU |
||
| 100 | _aAbubakr, A.M. | ||
| 245 |
_aPaliyalum Islamum _b |
||
| 260 |
_bNavanoor _aSri Lanka _c1997 |
||
| 300 | _ap.118 | ||
| 942 | _cBK | ||
| 999 |
_c1008 _d1008 |
||